00877nam a2200241Ia 4500001000600000003000900006008004100015040001300056040001300069041001200082100002100094100002800115245003700143245006200180250001100242260002400253260001400277260004900291300005600340500016500396650004300561650003100604A6605IT-RoPAU130308s9999 xx 000 0 und d aIT-RoPAU cIT-RoPAU aINGLESE aWilliams Raymond gCodice Aut. SPICS: 449 aTechnology and the Society (The) bPopular Fiction-Technology, Ideology, Production, Reading a1a ed. aLONDON AND NEW YORK bRoutledge c1990 [1° Ed.:1990 - Ed.Ling.Originale:1990] a"14 p. (prefazione: no ; testo: 14 [pagine: 9-22])" aTecnologia e Societa': versioni di Causa ed Effetto. Storia Sociale della Televisione Come una Tecnologia. Storia Sociale degli Usi della Tecbnologiatelevisiva. aSOCIOLOGIA DELLA COMUNICAZIONE SOCIALE eCodice materia Spics: 3806